01374 2200385 4500001002100000005001500021035002000036007000300056008004100059020002200100040002200122082001200144084001400156090001800170090002200188100003100210245020000241300002800441500001100469500006600480500013000546650001500676700002500691700003200716700003700748850001200785041000800797504003400805264003100839336002100870337003000891338002300921990002200944990002200966INLIS00000000084544720190404022018 a0010-0419000306ta190404s2018 yoi g 1 | ind d a978-602-258-488-9 aYOPDYOGbinderda04223a750 a750 HEL c aDEP 750 HEL c aCB-D.11 2018-1270 aHelena Spanjaardepenulis1 aCita-cita seni lukis Indonesia modern 1900-1995 :bsebuah kreasi identitas kultural nasional /cpenulis, Helena Spanjaard; penerjemah, Iswahyudi; penyunting, Andry Nurtjahjo, Kartika N. Nugrahini aX, 328 halaman ;c23 cm aindeks ateks dalam bahasa indonesia diterjemahkan dari bahasa belanda ajudul asli :Het ideaal van een moderne indonesische schilderkunst 1900-1995 de creatie van een nationale culturele identiteit 4aseni lukis0 aIswhyuniepenerjemah0 aAndry Nurtjahjoepenyunting0 aKartika N. Nugrahiniepenyunting aYOPDYOG1 aind aBibliografi : halaman 285-30234aYogyakarta :bOmbak,c2018 2rdacontentateks 2rdamediaatanpa perantara 2rdacarrieravolume aCB-D.11/2018-1270 aCB-D.11/2018-1270